书目信息 |
| 题名: |
欲罢不能
|
|
| 作者: | 周力军 著 | |
| 分册: | ||
| 出版信息: | 北京 作家出版社 2002 |
|
| 页数: | 524页 | |
| 开本: | 21cm | |
| 丛书名: | ||
| 单 册: | ||
| 中图分类: | I247.5 | |
| 科图分类: | ||
| 主题词: | 长篇小说--中国--当代 | |
| 电子资源: | ||
| ISBN: | 7-5063-2297-8 | |
| 000 | 00655nam0 2200205 45 | |
| 005 | 20041010094402.76 | |
| 010 | @a7-5063-2297-8@dCNY 25.00 | |
| 100 | @a20020826d2002 ekmy0chiy0121 ea | |
| 101 | 0 | @achi |
| 102 | @aCN@b110000 | |
| 105 | @af z 000ay | |
| 200 | 1 | @a欲罢不能@Ayu ba bu neng@f周力军著 |
| 210 | @a北京@c作家出版社@d2002 | |
| 215 | @a524页@c插图@d21cm | |
| 330 | @a电台女主持人叶筱薇的丈夫突遇车祸身亡,在处理后事时,叶筱薇意外发现与丈夫同车死亡的还有一名女子,此女身份神秘... | |
| 606 | 0 | @a长篇小说@y中国@z当代 |
| 690 | @aI247.5@v3 | |
| 701 | 0 | @a周力军@Azhou li jun@4著 |
| 801 | 0 | @aCN@bQSSK1@c20041010 |
| 905 | @a10447@dI247.5@eZ770 | |
| 欲罢不能/周力军著.-北京:作家出版社,2002 |
| 524页:插图;21cm |
| ISBN 7-5063-2297-8:CNY 25.00 |
| 电台女主持人叶筱薇的丈夫突遇车祸身亡,在处理后事时,叶筱薇意外发现与丈夫同车死亡的还有一名女子,此女身份神秘... |
| ● |
| 相关链接 |
|
|
|
正题名:欲罢不能
索取号:I247.5/Z770
 
预约/预借
| 序号 | 登录号 | 条形码 | 馆藏地/架位号 | 状态 | 备注 |
| 1 | 398459 | 203984590 | 文学库108/ [索取号:I247.5/Z770] | 在馆 | |
| 2 | 398460 | 203984607 | 社科二线422/422社科库 5排2列5层/ [索取号:I247.5/Z770] | 在馆 | |
| 3 | 398461 | 203984616 | 社科二线422/422社科库 5排2列5层/ [索取号:I247.5/Z770] | 在馆 |